| 000 | 00383nam a22001577a 4500 | ||
|---|---|---|---|
| 003 | OSt | ||
| 008 | 250124b |||||||| |||| 00| 0 eng d | ||
| 041 | _aeng | ||
| 082 |
_a515.35 _bJAI/NU |
||
| 100 |
_aJain, MK _97007 |
||
| 245 | _aNumerical Solution of Differential Equations | ||
| 250 | _a2nd | ||
| 260 |
_aNew delhi: _bWiley Eastern Ltd, _c1987. |
||
| 300 | _a698p. | ||
| 942 | _cBK | ||
| 999 |
_c19134 _d19134 |
||